Export afgerond — 

Giảng văn chọn lọc văn học Việt Nam

Wedi'i Gadw mewn:
Manylion Llyfryddiaeth
Prif Awdur: Trần, Đình Sử
Fformat: Llyfr
Iaith:Undetermined
Cyhoeddwyd: Hà Nội Đại học Quốc Gia Hà Nội 2003
Pynciau:
Tagiau: Ychwanegu Tag
Dim Tagiau, Byddwch y cyntaf i dagio'r cofnod hwn!
Thư viện lưu trữ: Trung tâm Học liệu Trường Đại học Cần Thơ
LEADER 00573nam a2200193Ia 4500
001 CTU_73849
008 210402s9999 xx 000 0 und d
082 |a 807 
082 |b S550 
100 |a Trần, Đình Sử 
245 0 |a Giảng văn chọn lọc văn học Việt Nam 
245 0 |c Trần Đình Sử 
260 |a Hà Nội 
260 |b Đại học Quốc Gia Hà Nội 
260 |c 2003 
650 |a Literature 
650 |x Study and teaching 
904 |i Mai Loan, Qhieu 
980 |a Trung tâm Học liệu Trường Đại học Cần Thơ